| 000 | 01261nam a22002537a 4500 | ||
|---|---|---|---|
| 005 | 20170124103019.0 | ||
| 010 | _aB-183456 | ||
| 020 | _c150.00 | ||
| 035 | _aB-183456 | ||
| 037 | _bCen Lib/Ret | ||
| 040 |
_aDPL _bHN |
||
| 082 |
_aउ _bशर्माया |
||
| 100 |
_aशर्मा, यादवेन्द्र _99690 |
||
| 245 |
_aपोस्टमैन : _cयादवेन्द्र शर्मा _bडाकिया के जीवन के द्वन्द,संघर्ष और आन्तरिक यथार्थ पर आधारित उपन्यास / |
||
| 246 |
_aPostman : dakiya ke jeevan ke dvand,sangharsh aur aantrik yatharth par aadharit upanyas / _bby Yadvendra Sharma |
||
| 260 |
_aनयी दिल्ली _bअनुरोध प्रकाशन _c2005 |
||
| 270 |
_aडी-75, निहाल विहार _bनयी दिल्ली _e110041 |
||
| 300 |
_a128पृ. _c21सेमी (सजिल्द) |
||
| 650 |
_aहिन्दी -- साहित्य _959937 |
||
| 650 |
_aहिन्दी -- उपन्यास _959938 |
||
| 650 |
_aHindi -- Literature _959939 |
||
| 650 |
_aHindi -- Fiction _927248 |
||
| 942 |
_2ddc _cHN _hउ _mशर्माया |
||
| 999 |
_c115112 _d115112 |
||